00159 a2200073 450000100060000010000220000624500210002826000360004939791 aSzenasy Susan S aOffice Furniture aNew YorkbFactars on Filec1984